000 00895naa a22002657u 4500
001 05461
003 HDC
007 cr bn ---aaaaa
008 210120s2006 xx a b 001 0 eng
040 _aHDC
100 _aToldrá, Fidel,
_eauthor
_93755
245 0 _aBiochemical Proteolysis Basis for Improved Processing of Dry-Cured Meats /
_cby Fidel Toldrá
260 _a[No Place] :
_b[publisher not identified],
_c2006
300 _a23 pages
336 _atext
_2rdacontent
337 _acomputer
_2rdamedia
338 _aonline resource
_2rdacarrier
500 _aOriginal from book
650 _aMeat industry
_92353
650 _aMeat quality
_970
856 _zRequest full-text at [email protected]
942 _2lcc
942 _cCHAP
942 _kEBCH 002775
999 _c2785
_d2785